| 000 | 00503nam a2200145Ia 4500 | ||
|---|---|---|---|
| 008 | 140724s9999 xx 000 0 und d | ||
| 050 |
_aQA 76.9.S88 _b.T833 2012 |
||
| 100 | _aTrinidad, Aaron Mel O. | ||
| 245 |
_aComputerized inventory system of Minerva Bags Business / _cAaron Mel O. Trinidad. |
||
| 260 |
_aLas PiƱas, Philippines : _bSouthville International School and Colleges, _cc2012. |
||
| 300 |
_a60 p. : _bill. ; _c28 cm. |
||
| 521 | _aInformation Technology | ||
| 942 | _cTH | ||
| 999 |
_c228847 _d228847 |
||